Normal view MARC view
  • Atkinson, John,

Entry Personal Name

Number of records used in: 0

001 - CONTROL NUMBER

  • control field: 406852

003 - CONTROL NUMBER IDENTIFIER

  • control field: KE-NaSUL

005 - DATE AND TIME OF LATEST TRANSACTION

  • control field: 20250829213021.0

008 - FIXED-LENGTH DATA ELEMENTS

  • fixed length control field: 250829|| aca||aabn | a|a d

040 ## - CATALOGING SOURCE

  • Original cataloging agency: KE-NaSUL
  • Transcribing agency: KE-NaSUL

100 ## - HEADING--PERSONAL NAME

  • Personal name: Atkinson, John,
  • Dates associated with a name: 1942-

670 ## - SOURCE DATA FOUND

  • Source citation: Work cat.: (KE-NaSUL)312756: Atkinson, John, 1942-, The mechanics of soils and foundations /, 2007.

© Strathmore University Library
Madaraka Estate, Ole Sangale Road | P. O. Box 59857 - 00200 City Square, Nairobi, Kenya
(+254) (0)703 034 000/200/300 | (+254) (0)20-607498